Obálka Náhled e-knihy:
Epub
Pro půjčování e-knih musíte být přihlášeni.
Jak si půjčit online?

Allan Quartermain /

“I have just buried my boy, my poor handsome boy of whom I was so proud, and my heart is broken.” In this sequel to the famous ‘King Solomon's Mines’ Allan Quatermain has just lost his son to smallpox. Having a hard time finding any value in life anymore and bored by the quiet Victorian Britain...

Celý popis

Uloženo v:
Hlavní autor: Haggard, Henry Rider (Autor)
Médium: E-kniha
Jazyk:Czech
Vydáno: Praha : Saga Egmont, 2017
Tagy:
Žádné tagy
LEADER 02068nam a22002297i 4500
001 297603
007 ta
008 260417s2017 xr ||||| |||| 00| 0 cze d
020 |a 9990003825711 
044 |a xr 
100 1 |a  Haggard, Henry Rider  |4 aut 
245 1 0 |a Allan Quartermain /  |c  Haggard, Henry Rider 
264 1 |a Praha :  |b Saga Egmont,  |c 2017 
300 |a 1 online zdroj (126 stran) 
336 |a text  |b txt  |2 rdacontent 
337 |a bez média  |b n  |2 rdamedia 
338 |a online zdroj  |b cr  |2 rdacarrier 
520 2 |a “I have just buried my boy, my poor handsome boy of whom I was so proud, and my heart is broken.” In this sequel to the famous ‘King Solomon's Mines’ Allan Quatermain has just lost his son to smallpox. Having a hard time finding any value in life anymore and bored by the quiet Victorian Britain he travels back to Africa, not knowing the adventure that awaits him. Because here he meets his old companions, Sir Henry Curtis and Captain John Good, and they too have heard the rumours of a notorious white tribe. Exciting and entertaining, the stories of Allan Quatermain have been told numerous times on film and television, Quatermain having been portrayed by Sean Connery, Patrick Swayze and many others. Henry Rider Haggaard (1856-1925) was an English author of Danish decent. Following his debut non-fiction book on South Africa, he helped introduce the “Lost World” genre through his character of Allan Quatermain from the classic bestseller ‘King Solomon's Mines’. Haggaard has influenced many other Fantasy writers, among these J.R.R. Tolkien, and several of his books have been adapted to film as well as inspired the ‘Indiana Jones’ movies. 
910 |a RBIT002 
998 |d 382571  |a https://core.palmknihy.cz/api/books/382571/cover?tdl12c  |b https://core.palmknihy.cz/api/books/382571/cover/400?tdl12c  |c https://core.palmknihy.cz/api/books/382571/cover/50?tdl12c  |e   |g 126  |i 9990003825711  |j https://core.palmknihy.cz/api/books/382571/preview.epub  |l   |q 49  |r 1  |s https://www.palmknihy.cz/kniha/382571  |t ebook  |y 2017  |z 1 
999 |d 297601